[Event "Cali op"]
[Site "Cali"]
[Date "2008.12.26"]
[Round "1"]
[White "Mekhitarian, Krikor Sevag"]
[Black "Valle, Efrain"]
[Result "1-0"]
[WhiteElo "2511"]
[BlackElo "2173"]
[PlyCount "147"]
[EventDate "2008.12.26"]
[EventType "swiss"]
[EventRounds "9"]
[EventCountry "COL"]
[SourceTitle "CBM 128 Extra"]
[Source "ChessBase"]
[SourceDate "2009.03.05"]
[SourceVersion "2"]
[SourceVersionDate "2009.03.25"]
[SourceQuality "1"]

1. e4 Nc6 2. d4 e5 3. d5 Nce7 4. h4 Nf6 5. Bd3 d6 6. h5 Neg8 7. c4 h6 8. Nc3
Be7 9. g3 Nh7 10. Be3 Ngf6 11. f3 Nd7 12. b4 Bg5 13. f4 Bf6 14. Nge2 O-O 15.
Rb1 Re8 16. Qc2 Be7 17. f5 Bg5 18. Bg1 Ndf6 19. Nc1 Bd7 20. Nb3 Qe7 21. Na5
Bxf5 22. exf5 e4 23. Bf1 Qe5 24. Ne2 Qxf5 25. Rb3 Ng4 26. Bh3 Bf6 27. Bd4 Bxd4
28. Nxd4 Qxh5 29. Qe2 Nhf6 30. Rc3 Qg5 31. Bxg4 Nxg4 32. Rh4 Nf6 33. Re3 Qe5
34. Nab3 h5 35. Rf4 g6 36. Kf1 Re7 37. Kg2 Rae8 38. Nb5 g5 39. Rxf6 Qxf6 40.
Qxh5 Kg7 41. N5d4 Re5 42. Nd2 Rh8 43. Qe2 Qh6 44. Kf2 Qf6+ 45. Kg2 Ree8 46. Nc2
Qh6 47. Nf1 Qh3+ 48. Kf2 Qf5+ 49. Kg1 Rh6 50. g4 Qf4 51. Ng3 Kg6 52. Nxe4 Rh4
53. Nf2 Re5 54. Qd3+ f5 55. Rxe5 dxe5 56. Ne3 e4 57. gxf5+ Kh7 58. Qe2 Qg3+ 59.
Ng2 e3 60. Qxe3 Qxe3 61. Nxe3 Rd4 62. Kg2 b5 63. cxb5 Rxb4 64. Kf3 Rxb5 65. Ne4
Kh6 66. Ng4+ Kg7 67. f6+ Kf8 68. Nxg5 Rxd5 69. Kf4 Rd1 70. Kf5 Ke8 71. Ne5 Rf1+
72. Ke6 c5 73. f7+ Kf8 74. Ngf3 1-0

[Event "Cali op"]
[Site "Cali"]
[Date "2008.12.26"]
[Round "2"]
[White "Remicio Duque, John H"]
[Black "Mekhitarian, Krikor Sevag"]
[Result "1/2-1/2"]
[WhiteElo "2216"]
[BlackElo "2511"]
[PlyCount "69"]
[EventDate "2008.12.26"]
[EventType "swiss"]
[EventRounds "9"]
[EventCountry "COL"]
[SourceTitle "CBM 128 Extra"]
[Source "ChessBase"]
[SourceDate "2009.03.05"]
[SourceVersion "2"]
[SourceVersionDate "2009.03.25"]
[SourceQuality "1"]

1. d4 Nf6 2. Nf3 g6 3. Bf4 Bg7 4. e3 b6 5. h3 c5 6. c3 Bb7 7. Nbd2 O-O 8. Be2
d6 9. O-O Qc7 10. Bh2 Nbd7 11. a4 a6 12. Qb3 Rfe8 13. Rfd1 Rac8 14. Rac1 Bf8
15. Bc4 e6 16. Re1 Qd8 17. Rcd1 Qc7 18. Rc1 Qd8 19. Rcd1 Qe7 20. Be2 d5 21. Ne5
Nxe5 22. Bxe5 Nd7 23. Bg3 cxd4 24. exd4 Nb8 25. Nf3 Qd8 26. Ne5 Bd6 27. Bd3 f6
28. Ng4 Bxg3 29. fxg3 Kg7 30. Qc2 Rc7 31. Qd2 Rf7 32. Qh6+ Kg8 33. Rf1 Nd7 34.
Rde1 Qe7 35. Qf4 1/2-1/2

[Event "Cali op"]
[Site "Cali"]
[Date "2008.12.27"]
[Round "3"]
[White "Mekhitarian, Krikor Sevag"]
[Black "Gonzalez, Juan Manuel"]
[Result "1-0"]
[WhiteElo "2511"]
[BlackElo "2111"]
[PlyCount "78"]
[EventDate "2008.12.26"]
[EventType "swiss"]
[EventRounds "9"]
[EventCountry "COL"]
[SourceTitle "CBM 128 Extra"]
[Source "ChessBase"]
[SourceDate "2009.03.05"]
[SourceVersion "2"]
[SourceVersionDate "2009.03.25"]
[SourceQuality "1"]

1. e4 e5 2. Nf3 d5 3. Nxe5 Bd6 4. d4 dxe4 5. Nc4 Nf6 6. Be2 O-O 7. O-O Re8 8.
Bg5 h6 9. Bh4 Nc6 10. Nxd6 Qxd6 11. c3 Nd5 12. Bg3 Nf4 13. Nd2 Bf5 14. Kh1 g5
15. Nc4 Qe7 16. Qd2 Nxe2 17. Qxe2 Rad8 18. f3 exf3 19. Qxf3 Be4 20. Qh5 Qe6 21.
Ne5 f5 22. Rae1 Nxe5 23. Bxe5 Rf8 24. b3 Kh7 25. Re3 c6 26. Qe2 Qg6 27. h3 h5
28. Kh2 g4 29. hxg4 Qxg4 30. Qf2 Rg8 31. Rg1 Rg6 32. Rh3 Rdg8 33. g3 Qf3 34.
Rf1 Qxf2+ 35. Rxf2 h4 36. Rf4 Rg4 37. Rxh4+ Rxh4+ 38. Rxh4+ Kg6 39. c4 Re8 1-0

[Event "Cali op"]
[Site "Cali"]
[Date "2008.12.28"]
[Round "6"]
[White "Mekhitarian, Krikor Sevag"]
[Black "Beltran, Carlos Armando"]
[Result "1-0"]
[WhiteElo "2511"]
[BlackElo "2230"]
[PlyCount "41"]
[EventDate "2008.12.26"]
[EventType "swiss"]
[EventRounds "9"]
[EventCountry "COL"]
[SourceTitle "CBM 128 Extra"]
[Source "ChessBase"]
[SourceDate "2009.03.05"]
[SourceVersion "2"]
[SourceVersionDate "2009.03.25"]
[SourceQuality "1"]

1. e4 e6 2. d4 d5 3. Nc3 Bb4 4. e5 Qd7 5. a3 Bxc3+ 6. bxc3 b6 7. Qg4 f5 8. Qg3
Ba6 9. Bxa6 Nxa6 10. Ne2 Nb8 11. Nf4 Nc6 12. Nxe6 Qxe6 13. Qxg7 O-O-O 14. Qxh8
Qg6 15. Kf1 h5 16. h4 Rd7 17. Rh3 f4 18. Bxf4 Kb7 19. Rg3 Qf5 20. Rxg8 Qxf4 21.
Qxh5 1-0

[Event "Cali op"]
[Site "Cali"]
[Date "2008.12.29"]
[Round "7"]
[White "Barrientos Chavarriaga, Sergio E"]
[Black "Mekhitarian, Krikor Sevag"]
[Result "1-0"]
[WhiteElo "2450"]
[BlackElo "2511"]
[PlyCount "91"]
[EventDate "2008.12.26"]
[EventType "swiss"]
[EventRounds "9"]
[EventCountry "COL"]
[SourceTitle "CBM 128 Extra"]
[Source "ChessBase"]
[SourceDate "2009.03.05"]
[SourceVersion "2"]
[SourceVersionDate "2009.03.25"]
[SourceQuality "1"]

1. e4 c5 2. Nf3 d6 3. d4 cxd4 4. Nxd4 Nf6 5. Nc3 e6 6. g4 h6 7. Bg2 Nc6 8. h3
a6 9. Be3 g5 10. Qe2 Ne5 11. O-O-O Bd7 12. f4 gxf4 13. Bxf4 Rc8 14. Rhf1 Rxc3
15. bxc3 Qc7 16. Nb3 Bb5 17. Qf2 Be7 18. Rfe1 Qxc3 19. Qd4 Qc7 20. a4 Bc6 21.
Qc3 Nfd7 22. a5 Bf6 23. Qb4 Be7 24. Qc3 f6 25. h4 Nxg4 26. Qg3 Nde5 27. Bh3 h5
28. Bxg4 Nxg4 29. Bxd6 Bxd6 30. Rxd6 e5 31. Rd3 Qe7 32. Kb2 Kf7 33. Qf3 Bb5 34.
Rc3 Kg7 35. Rd1 Rd8 36. Rxd8 Qxd8 37. Qf5 Be8 38. Rc8 Qe7 39. Rb8 Bf7 40. Qc8
Ne3 41. Rxb7 Nc4+ 42. Kc3 Nd6 43. Rxe7 Nxc8 44. Rd7 Kg6 45. Nc5 f5 46. Rc7 1-0

[Event "Sao Paulo Hebraica 06th"]
[Site "Sao Paulo"]
[Date "2009.04.20"]
[Round "1"]
[White "Mekhitarian, Krikor Sevag"]
[Black "Milos, Gilberto"]
[Result "0-1"]
[WhiteElo "2503"]
[BlackElo "2585"]
[PlyCount "96"]
[EventDate "2009.04.20"]
[EventType "tourn"]
[EventRounds "9"]
[EventCountry "BRA"]
[EventCategory "9"]
[SourceTitle "CBM 129 Extra"]
[Source "ChessBase"]
[SourceDate "2009.05.05"]
[SourceVersion "2"]
[SourceVersionDate "2009.05.20"]
[SourceQuality "1"]

1. e4 c6 2. d4 d5 3. e5 Bf5 4. Nf3 e6 5. Be2 Nd7 6. O-O Bg6 7. Nbd2 Nh6 8. Ne1
f6 9. f4 Be7 10. c3 O-O 11. Ndf3 c5 12. h3 Nf5 13. Kh2 cxd4 14. cxd4 fxe5 15.
fxe5 Qb6 16. a4 a6 17. a5 Qc7 18. Nd3 Rac8 19. Nf4 Bf7 20. Bd3 g6 21. Qe1 Qd8
22. Bd2 Ng7 23. g4 Be8 24. h4 Nb8 25. h5 g5 26. h6 gxf4 27. hxg7 Kxg7 28. Kg2
Bg6 29. Bxg6 hxg6 30. Bc3 Nc6 31. Rh1 Qe8 32. g5 Qf7 33. Rh6 Qf5 34. Qh4 Kf7
35. Qh3 Qxh3+ 36. Kxh3 Rh8 37. Kg4 Kg7 38. Rah1 Rcf8 39. Ne1 Rxh6 40. gxh6+ Kh7
41. Nd3 g5 42. Ne1 Nd8 43. Nf3 Nf7 44. Kh5 Rg8 45. Rg1 Rg6 46. Bd2 Rxh6+ 47.
Kg4 Kg6 48. Rc1 Rh7 0-1

[Event "Sao Paulo Hebraica 06th"]
[Site "Sao Paulo"]
[Date "2009.04.21"]
[Round "2"]
[White "Greenfeld, Alon"]
[Black "Mekhitarian, Krikor Sevag"]
[Result "1-0"]
[WhiteElo "2541"]
[BlackElo "2503"]
[PlyCount "97"]
[EventDate "2009.04.20"]
[EventType "tourn"]
[EventRounds "9"]
[EventCountry "BRA"]
[EventCategory "9"]
[SourceTitle "CBM 129 Extra"]
[Source "ChessBase"]
[SourceDate "2009.05.05"]
[SourceVersion "2"]
[SourceVersionDate "2009.05.20"]
[SourceQuality "1"]

1. Nf3 c5 2. c4 Nc6 3. d4 cxd4 4. Nxd4 Nf6 5. g3 Qb6 6. Nb3 Ne5 7. c5 Qc6 8.
Rg1 e6 9. Bf4 Ng6 10. Bg2 Nd5 11. Bxd5 exd5 12. Nc3 d6 13. Nd4 Qxc5 14. Be3 Qa5
15. Qb3 Be7 16. Qb5+ Qxb5 17. Ndxb5 Kd8 18. Bxa7 Be6 19. Bd4 f6 20. Bb6+ Kd7
21. f4 Rhc8 22. Kf2 Ra6 23. Be3 Bd8 24. g4 Ne7 25. f5 Bf7 26. Rad1 Rc4 27. Rd3
h5 28. h3 hxg4 29. hxg4 Nc6 30. b3 Rb4 31. Kg3 Ra5 32. Nd4 Ne5 33. Rd2 Bb6 34.
Bf2 Ra8 35. Na4 Bxd4 36. Rxd4 Rxd4 37. Bxd4 Re8 38. e3 g6 39. Nb6+ Kc7 40. fxg6
Nxg6 41. Rc1+ Kb8 42. Nd7+ Ka8 43. Nxf6 Rd8 44. Rc7 Be6 45. Rg7 Nf8 46. Re7 Rc8
47. Ne8 Bd7 48. Nxd6 Rc6 49. Rf7 1-0

[Event "Sao Paulo Hebraica 06th"]
[Site "Sao Paulo"]
[Date "2009.04.22"]
[Round "3"]
[White "Mekhitarian, Krikor Sevag"]
[Black "Diamant, Andre"]
[Result "1/2-1/2"]
[WhiteElo "2503"]
[BlackElo "2506"]
[PlyCount "44"]
[EventDate "2009.04.20"]
[EventType "tourn"]
[EventRounds "9"]
[EventCountry "BRA"]
[EventCategory "9"]
[SourceTitle "CBM 129 Extra"]
[Source "ChessBase"]
[SourceDate "2009.05.05"]
[SourceVersion "2"]
[SourceVersionDate "2009.05.20"]
[SourceQuality "1"]

1. e4 c5 2. Nf3 d6 3. d4 cxd4 4. Nxd4 Nf6 5. Nc3 Nc6 6. Bg5 Bd7 7. Qd2 Rc8 8.
h4 Nxd4 9. Qxd4 Qa5 10. f3 h6 11. Bd2 a6 12. Nd5 Qc5 13. Qxc5 Rxc5 14. c4 Nxd5
15. exd5 e6 16. Be3 Rc8 17. Rd1 exd5 18. Rxd5 Be6 19. Rd4 Be7 20. b3 O-O 21.
Be2 Rfd8 22. Kf2 d5 1/2-1/2

[Event "Sao Paulo Hebraica 06th"]
[Site "Sao Paulo"]
[Date "2009.04.23"]
[Round "4"]
[White "Mekhitarian, Krikor Sevag"]
[Black "Santos, Marcus Vinicius M"]
[Result "1/2-1/2"]
[WhiteElo "2503"]
[BlackElo "2399"]
[PlyCount "39"]
[EventDate "2009.04.20"]
[EventType "tourn"]
[EventRounds "9"]
[EventCountry "BRA"]
[EventCategory "9"]
[SourceTitle "CBM 129 Extra"]
[Source "ChessBase"]
[SourceDate "2009.05.05"]
[SourceVersion "2"]
[SourceVersionDate "2009.05.20"]
[SourceQuality "1"]

1. e4 c5 2. Nf3 d6 3. d4 cxd4 4. Nxd4 Nf6 5. Nc3 Nc6 6. Bg5 g6 7. Bxf6 exf6 8.
Bb5 Bd7 9. Bc4 Bg7 10. Nxc6 Bxc6 11. Qd3 O-O 12. O-O Qb6 13. Bb3 Qc5 14. Rad1
Rad8 15. Rfe1 Rfe8 16. Nd5 Re5 17. Re3 Rde8 18. c3 b5 19. a3 a5 20. Ba2 1/2-1/2

[Event "Sao Paulo Hebraica 06th"]
[Site "Sao Paulo"]
[Date "2009.04.25"]
[Round "6"]
[White "Mekhitarian, Krikor Sevag"]
[Black "Perdomo, Leandro Daniel"]
[Result "1/2-1/2"]
[WhiteElo "2503"]
[BlackElo "2387"]
[PlyCount "78"]
[EventDate "2009.04.20"]
[EventType "tourn"]
[EventRounds "9"]
[EventCountry "BRA"]
[EventCategory "9"]
[SourceTitle "CBM 129 Extra"]
[Source "ChessBase"]
[SourceDate "2009.05.05"]
[SourceVersion "2"]
[SourceVersionDate "2009.05.20"]
[SourceQuality "1"]

1. e4 e5 2. Nf3 Nc6 3. Bb5 a6 4. Ba4 Nf6 5. O-O Be7 6. Re1 b5 7. Bb3 O-O 8. a4
b4 9. d4 d6 10. dxe5 Nxe5 11. Bf4 Ng6 12. Bg5 h6 13. Bc1 c5 14. c3 Bb7 15. Bc2
Re8 16. c4 Bf8 17. Nbd2 Re6 18. b3 Qe7 19. Bb2 Nxe4 20. Nxe4 Bxe4 21. Bxe4 Rxe4
22. Rxe4 Qxe4 23. Qd5 Re8 24. Qxe4 Rxe4 25. Kf1 f5 26. Rd1 Re6 27. Ne1 Be7 28.
Nc2 f4 29. Ne1 Kf7 30. Bc1 Rf6 31. Nd3 Rf5 32. Ke2 Bf6 33. g4 fxg3 34. hxg3 h5
35. f3 Be7 36. Nf2 Ne5 37. f4 Nc6 38. Be3 Rf6 39. Kf3 g6 1/2-1/2

[Event "Sao Paulo Hebraica 06th"]
[Site "Sao Paulo"]
[Date "2009.04.28"]
[Round "9"]
[White "Van Riemsdijk, Herman Claudius"]
[Black "Mekhitarian, Krikor Sevag"]
[Result "1/2-1/2"]
[WhiteElo "2375"]
[BlackElo "2503"]
[PlyCount "88"]
[EventDate "2009.04.20"]
[EventType "tourn"]
[EventRounds "9"]
[EventCountry "BRA"]
[EventCategory "9"]
[SourceTitle "CBM 129 Extra"]
[Source "ChessBase"]
[SourceDate "2009.05.05"]
[SourceVersion "2"]
[SourceVersionDate "2009.05.20"]
[SourceQuality "1"]

1. e4 c5 2. Nf3 d6 3. d4 cxd4 4. Nxd4 Nf6 5. Nc3 a6 6. h3 e6 7. g4 h6 8. Bg2
Nc6 9. Nxc6 bxc6 10. e5 Nd5 11. exd6 Bxd6 12. Ne4 Bc7 13. c4 Nf4 14. Bxf4 Bxf4
15. Qf3 Qc7 16. Nd6+ Ke7 17. Qxf4 Qxd6 18. Qxd6+ Kxd6 19. Kd2 Rb8 20. Kc3 c5
21. Rad1+ Kc7 22. Rd3 Rd8 23. Rhd1 Rxd3+ 24. Rxd3 Bd7 25. b3 g5 26. h4 gxh4 27.
Rh3 Rg8 28. Rxh4 h5 29. f3 hxg4 30. fxg4 f5 31. Bh3 f4 32. Bg2 Rg5 33. Kd3 Re5
34. Be4 Bc6 35. Rh7+ Kd6 36. Bxc6 Re3+ 37. Kd2 Kxc6 38. Rf7 e5 39. Rf5 Kd6 40.
Rf6+ Ke7 41. g5 a5 42. Rf5 Ke6 43. Rf6+ Ke7 44. Rf5 Ke6 1/2-1/2

[Event "Santos op"]
[Site "Santos"]
[Date "2009.06.26"]
[Round "1"]
[White "Do Prado, Fabio Luiz"]
[Black "Mekhitarian, Krikor Sevag"]
[Result "0-1"]
[WhiteElo "1861"]
[BlackElo "2503"]
[PlyCount "64"]
[EventDate "2009.06.26"]
[EventType "swiss"]
[EventRounds "6"]
[EventCountry "BRA"]
[SourceTitle "EXT 2012"]
[Source "ChessBase"]
[SourceDate "2011.11.24"]
[SourceVersion "1"]
[SourceVersionDate "2011.11.24"]
[SourceQuality "1"]

1. Nf3 c5 2. g3 Nc6 3. Bg2 g6 4. O-O Bg7 5. d3 e5 6. e4 Nge7 7. c4 O-O 8. Nc3
d6 9. Bg5 Rb8 10. Qc1 a6 11. a4 Bg4 12. Ra3 f6 13. Bh6 Qd7 14. Bxg7 Kxg7 15.
Ne1 Nd4 16. f3 Be6 17. Nc2 Nec6 18. Qd2 b5 19. axb5 axb5 20. Nxd4 Nxd4 21. Nd5
Rb7 22. f4 bxc4 23. Ne3 cxd3 24. f5 Bg8 25. h4 c4 26. Ng4 Kh8 27. Rfa1 gxf5 28.
exf5 Qxf5 29. Nh6 Nf3+ 30. Kh1 Nxd2 31. Nxf5 Rxb2 32. Ra8 Rbb8 0-1

[Event "Santos op"]
[Site "Santos"]
[Date "2009.06.26"]
[Round "2"]
[White "Mekhitarian, Krikor Sevag"]
[Black "Alves Brandao, Evandro"]
[Result "1-0"]
[WhiteElo "2503"]
[BlackElo "2051"]
[PlyCount "43"]
[EventDate "2009.06.26"]
[EventType "swiss"]
[EventRounds "6"]
[EventCountry "BRA"]
[SourceTitle "EXT 2012"]
[Source "ChessBase"]
[SourceDate "2011.11.24"]
[SourceVersion "1"]
[SourceVersionDate "2011.11.24"]
[SourceQuality "1"]

1. e4 c5 2. Nf3 d6 3. d4 cxd4 4. Nxd4 Nf6 5. Nc3 g6 6. Be3 Bg7 7. f3 Nc6 8. Qd2
O-O 9. O-O-O Rb8 10. h4 Nxd4 11. Bxd4 Be6 12. Kb1 b5 13. h5 b4 14. Nd5 Bxd5 15.
exd5 Nxh5 16. Bxg7 Kxg7 17. g4 Nf6 18. Qh6+ Kg8 19. g5 Nh5 20. Rxh5 gxh5 21.
Bd3 f5 22. g6 1-0

[Event "Santos op"]
[Site "Santos"]
[Date "2009.06.27"]
[Round "3"]
[White "Shigueo Ueti, Silvio"]
[Black "Mekhitarian, Krikor Sevag"]
[Result "0-1"]
[WhiteElo "2228"]
[BlackElo "2503"]
[PlyCount "182"]
[EventDate "2009.06.26"]
[EventType "swiss"]
[EventRounds "6"]
[EventCountry "BRA"]
[SourceTitle "EXT 2012"]
[Source "ChessBase"]
[SourceDate "2011.11.24"]
[SourceVersion "1"]
[SourceVersionDate "2011.11.24"]
[SourceQuality "1"]

1. e4 c5 2. Nf3 Nc6 3. Bb5 e6 4. O-O Nge7 5. b3 a6 6. Bxc6 Nxc6 7. Bb2 d6 8. d4
cxd4 9. Nxd4 Bd7 10. c4 Be7 11. Nc3 O-O 12. Nxc6 bxc6 13. f4 Re8 14. Qg4 f5 15.
exf5 exf5 16. Qd1 Be6 17. Rf3 Bf6 18. Rd3 Qb6+ 19. Kh1 Qf2 20. Qd2 Qxd2 21.
Rxd2 Rad8 22. Rad1 Bf7 23. Na4 Bh5 24. Rf1 Bh4 25. g3 Be7 26. Kg2 Bf8 27. Kf2
Rd7 28. Re1 Rxe1 29. Kxe1 Kf7 30. Kf2 Ke6 31. Rd3 c5 32. Bc3 Rb7 33. Ke1 Be8
34. Nb2 Bc6 35. Re3+ Kf7 36. Ba5 Be7 37. Nd1 Bf6 38. Bc3 Bd8 39. h4 a5 40. Rd3
Ke6 41. Re3+ Kf7 42. Rd3 Bc7 43. Nb2 Be4 44. Rd2 g6 45. Na4 Bc6 46. Nb2 Ke6 47.
Re2+ Kf7 48. Kd2 Be4 49. Kc1 h6 50. Bd2 Bd8 51. Na4 Bc6 52. Nc3 Rb8 53. Kc2 Rb7
54. a4 Ra7 55. Nd5 Rb7 56. Re1 Bd7 57. Re2 Be6 58. Re1 Rb8 59. Re2 Rc8 60. Re1
Ra8 61. Re2 Bc8 62. Re1 Ra7 63. Re2 Kf8 64. Nc3 Re7 65. Rxe7 Kxe7 66. Nd5+ Ke6
67. Nc3 Bb7 68. Kd3 Bf6 69. Kc2 Bd4 70. Be1 Bf6 71. Nb5 Be4+ 72. Kc1 Bd8 73.
Nc3 Bf3 74. Kc2 g5 75. hxg5 hxg5 76. Nb5 Be4+ 77. Kb2 g4 78. Bc3 d5 79. cxd5+
Kxd5 80. Na3 Bd3 81. Be1 Ke4 82. Nc4 Bxc4 83. bxc4 Ke3 84. Kc2 Ke2 85. Bd2 Kf2
86. Kd3 Kxg3 87. Ke2 Bc7 88. Be3 Bd6 89. Kf1 Kf3 90. Bd2 Bxf4 91. Bxa5 g3 0-1

[Event "Santos op"]
[Site "Santos"]
[Date "2009.06.27"]
[Round "4"]
[White "Mekhitarian, Krikor Sevag"]
[Black "Rodrigues Quintili, Pinto Rena"]
[Result "1-0"]
[WhiteElo "2503"]
[BlackElo "2068"]
[PlyCount "79"]
[EventDate "2009.06.26"]
[EventType "swiss"]
[EventRounds "6"]
[EventCountry "BRA"]
[SourceTitle "EXT 2012"]
[Source "ChessBase"]
[SourceDate "2011.11.24"]
[SourceVersion "1"]
[SourceVersionDate "2011.11.24"]
[SourceQuality "1"]

1. e4 c5 2. Nf3 d6 3. d4 cxd4 4. Nxd4 Nf6 5. Nc3 g6 6. Be3 Bg7 7. f3 O-O 8. Qd2
Nc6 9. O-O-O d5 10. Kb1 Nxd4 11. e5 Nf5 12. exf6 exf6 13. Nxd5 Nxe3 14. Qxe3
Be6 15. Bc4 Bxd5 16. Rxd5 Qc7 17. Qc5 Qxc5 18. Rxc5 Rac8 19. Rxc8 Rxc8 20. Bd5
b5 21. c3 Rc5 22. Rd1 a5 23. a3 Kf8 24. Ka2 f5 25. Kb3 Be5 26. h3 Ke7 27. a4 h5
28. Rd2 f6 29. axb5 Rxb5+ 30. Kc4 Rb8 31. Bc6 Rc8 32. Kb5 Rb8+ 33. Kc5 g5 34.
Bb5 Rc8+ 35. Kb6 Bc7+ 36. Kb7 Rb8+ 37. Kxc7 Rxb5 38. Kc6 Rb3 39. Rd7+ Ke6 40.
Rb7 1-0

[Event "Santos op"]
[Site "Santos"]
[Date "2009.06.28"]
[Round "5"]
[White "Zimmermann, Aranha Alvaro"]
[Black "Mekhitarian, Krikor Sevag"]
[Result "0-1"]
[WhiteElo "2292"]
[BlackElo "2503"]
[PlyCount "132"]
[EventDate "2009.06.26"]
[EventType "swiss"]
[EventRounds "6"]
[EventCountry "BRA"]
[SourceTitle "EXT 2012"]
[Source "ChessBase"]
[SourceDate "2011.11.24"]
[SourceVersion "1"]
[SourceVersionDate "2011.11.24"]
[SourceQuality "1"]

1. d4 Nf6 2. c4 g6 3. Nc3 d5 4. cxd5 Nxd5 5. e4 Nxc3 6. bxc3 Bg7 7. Nf3 c5 8.
Bb5+ Nd7 9. O-O a6 10. Bxd7+ Qxd7 11. Be3 O-O 12. dxc5 Bxc3 13. Rc1 Bg7 14. Bd4
f6 15. Qc2 Rd8 16. Ba1 e5 17. Rfd1 Qe8 18. Rxd8 Qxd8 19. Qb3+ Kh8 20. Bb2 Qe7
21. c6 bxc6 22. Rxc6 Bb7 23. Ba3 Qd7 24. Rb6 Rd8 25. Rd6 Qc7 26. Qf7 Qxf7 27.
Rxd8+ Qg8 28. Rxg8+ Kxg8 29. Nd2 a5 30. f3 a4 31. Bb4 Kf7 32. Nb1 Ke6 33. Nc3
Bc6 34. Kf2 f5 35. Ke2 g5 36. exf5+ Kxf5 37. g4+ Ke6 38. Ke3 Bf6 39. Ne4 Bd8
40. Bc5 Kd5 41. Kd3 Bb5+ 42. Ke3 Bc4 43. a3 Bb5 44. Bf8 Bc6 45. Kd3 Bb5+ 46.
Ke3 Bc6 47. Kd3 Be8 48. Nc3+ Ke6 49. Ne4 h5 50. h3 Bb5+ 51. Ke3 h4 52. Kd2 Bf1
53. Bh6 Be7 54. Nc3 Bxh3 55. Nxa4 Bf1 56. Nc3 h3 57. Ne4 h2 58. Ng3 Bg2 59. Ke2
h1=Q 60. Nxh1 Bxh1 61. Bg7 Bxa3 62. Ke3 Kd5 63. Kf2 Bc1 64. Bf6 Bf4 65. Bd8 e4
66. fxe4+ Kxe4 0-1

[Event "Santos op"]
[Site "Santos"]
[Date "2009.06.28"]
[Round "6"]
[White "Akira Terao, Rodrigo"]
[Black "Mekhitarian, Krikor Sevag"]
[Result "1/2-1/2"]
[WhiteElo "2208"]
[BlackElo "2503"]
[PlyCount "20"]
[EventDate "2009.06.26"]
[EventType "swiss"]
[EventRounds "6"]
[EventCountry "BRA"]
[SourceTitle "EXT 2012"]
[Source "ChessBase"]
[SourceDate "2011.11.24"]
[SourceVersion "1"]
[SourceVersionDate "2011.11.24"]
[SourceQuality "1"]

1. e4 c5 2. Nf3 e6 3. c3 Nf6 4. e5 Nd5 5. d4 cxd4 6. Qxd4 Nc6 7. Qe4 d6 8. Bb5
Bd7 9. c4 Nb6 10. exd6 Bxd6 1/2-1/2

[Event "Pan American Continental"]
[Site "Sao Paulo"]
[Date "2009.07.25"]
[Round "1"]
[White "Resende, Carlos Alberto Fig"]
[Black "Mekhitarian, Krikor Sevag"]
[Result "0-1"]
[WhiteElo "2081"]
[BlackElo "2488"]
[PlyCount "74"]
[EventDate "2009.07.25"]
[EventType "swiss"]
[EventRounds "11"]
[EventCountry "BRA"]
[SourceTitle "CBM 132 Extra"]
[Source "ChessBase"]
[SourceDate "2009.11.03"]
[SourceVersion "1"]
[SourceVersionDate "2009.11.03"]
[SourceQuality "1"]

1. Nf3 c5 2. c4 Nc6 3. Nc3 e5 4. g3 g6 5. Bg2 Bg7 6. e4 Nge7 7. d3 d6 8. Be3
O-O 9. Qd2 Rb8 10. O-O a6 11. Rab1 b5 12. b3 f5 13. Bg5 f4 14. Nd5 h6 15. Bxe7
Nxe7 16. Nxe7+ Qxe7 17. h3 Be6 18. g4 h5 19. g5 h4 20. Kh2 Kf7 21. Rg1 Rh8 22.
Bf1 Qb7 23. Re1 Bf8 24. Be2 Be7 25. Qc3 Qd7 26. Bf1 Rh5 27. a3 Qb7 28. Be2 Rhh8
29. Rg2 bxc4 30. bxc4 Qb2 31. Qxb2 Rxb2 32. Bd1 Ra2 33. a4 Bd7 34. Bb3 Ra3 35.
Bc2 Rb8 36. Nxh4 Rh8 37. Nf3 Rxh3+ 0-1

[Event "Pan American Continental"]
[Site "Sao Paulo"]
[Date "2009.07.26"]
[Round "3"]
[White "Sanchez Castillo, Sarai Carolina"]
[Black "Mekhitarian, Krikor Sevag"]
[Result "0-1"]
[WhiteElo "2202"]
[BlackElo "2488"]
[PlyCount "62"]
[EventDate "2009.07.25"]
[EventType "swiss"]
[EventRounds "11"]
[EventCountry "BRA"]
[SourceTitle "CBM 132 Extra"]
[Source "ChessBase"]
[SourceDate "2009.11.03"]
[SourceVersion "1"]
[SourceVersionDate "2009.11.03"]
[SourceQuality "1"]

1. e4 c5 2. Nf3 e6 3. d4 cxd4 4. Nxd4 Nf6 5. Nc3 d6 6. Be2 Be7 7. O-O Nc6 8.
Kh1 O-O 9. f4 a6 10. Bf3 Bd7 11. Be3 Rc8 12. Qe1 b5 13. a3 Nxd4 14. Bxd4 Bc6
15. Rd1 Qc7 16. Qg3 a5 17. e5 dxe5 18. Bxe5 Qb7 19. f5 Bxf3 20. Rxf3 b4 21.
axb4 axb4 22. Ne2 Qe4 23. Nd4 Rcd8 24. Re1 Qd5 25. Rd3 Qc4 26. b3 Qc8 27. fxe6
fxe6 28. Bc7 Ne4 29. Qe3 Nf2+ 30. Kg1 Nxd3 31. Bxd8 Rxd8 0-1

[Event "Pan American Continental"]
[Site "Sao Paulo"]
[Date "2009.07.27"]
[Round "4"]
[White "Mekhitarian, Krikor Sevag"]
[Black "Ivanov, Alexander"]
[Result "1/2-1/2"]
[WhiteElo "2488"]
[BlackElo "2527"]
[PlyCount "37"]
[EventDate "2009.07.25"]
[EventType "swiss"]
[EventRounds "11"]
[EventCountry "BRA"]
[SourceTitle "CBM 132 Extra"]
[Source "ChessBase"]
[SourceDate "2009.11.03"]
[SourceVersion "1"]
[SourceVersionDate "2009.11.03"]
[SourceQuality "1"]

1. e4 c6 2. d4 d5 3. e5 Bf5 4. Nf3 e6 5. Be2 Nd7 6. O-O h6 7. Nbd2 Ne7 8. Nb3
Bh7 9. Bd2 Ng6 10. c4 dxc4 11. Na5 Qc7 12. Nxc4 Be7 13. b4 O-O 14. Qb3 Nb6 15.
g3 Nxc4 16. Bxc4 Rfd8 17. Rfe1 Bf8 18. Rac1 Ne7 19. Kg2 1/2-1/2

[Event "Pan American Continental"]
[Site "Sao Paulo"]
[Date "2009.07.28"]
[Round "5"]
[White "Hernandez Carmenates, Holden"]
[Black "Mekhitarian, Krikor Sevag"]
[Result "1/2-1/2"]
[WhiteElo "2573"]
[BlackElo "2488"]
[PlyCount "111"]
[EventDate "2009.07.25"]
[EventType "swiss"]
[EventRounds "11"]
[EventCountry "BRA"]
[SourceTitle "CBM 132 Extra"]
[Source "ChessBase"]
[SourceDate "2009.11.03"]
[SourceVersion "1"]
[SourceVersionDate "2009.11.03"]
[SourceQuality "1"]

1. d4 Nf6 2. c4 g6 3. Nc3 d5 4. Nf3 Bg7 5. Qb3 dxc4 6. Qxc4 O-O 7. e4 a6 8. Be2
b5 9. Qb3 c5 10. dxc5 Be6 11. Qc2 Nbd7 12. c6 Nb8 13. O-O Nxc6 14. Nxb5 Nb4 15.
Qa4 Nxa2 16. Nbd4 Nxc1 17. Rfxc1 Bd7 18. Qc2 Qb6 19. e5 Rfc8 20. Bc4 Nd5 21.
Qe4 e6 22. Bxd5 exd5 23. Qxd5 Rxc1+ 24. Rxc1 Rd8 25. b3 Bf5 26. Qc4 Be4 27. h3
Bd5 28. Qc7 Qxc7 29. Rxc7 Re8 30. Rc5 Bb7 31. Nc6 Bf8 32. Rc4 Bg7 33. h4 h6 34.
Kf1 Kh7 35. b4 Kg8 36. Rc2 Kf8 37. Rc5 Rc8 38. Nfd4 Ke8 39. f4 Bf8 40. Rc2 Kd7
41. e6+ fxe6 42. Ne5+ Kd6 43. Rd2 Bd5 44. Nxg6 Bg7 45. Nxe6 Kxe6 46. f5+ Kd6
47. Nf4 Ke5 48. Nxd5 Rd8 49. Ne3 Rxd2 50. Nc4+ Kxf5 51. Nxd2 Bc3 52. b5 axb5
53. Nb3 Kg4 54. Kf2 h5 55. Ke2 Kg3 56. Kf1 1/2-1/2